PROBABILITY AND STATISTICS WITH RELIABILITY, Queuing, and Computer Sciecce Applications (Record no. 806)

MARC details
000 -LEADER
fixed length control field 00474nam a22001697a 4500
003 - CONTROL NUMBER IDENTIFIER
control field OSt
005 - DATE AND TIME OF LATEST TRANSACTION
control field 20210830102301.0
008 - FIXED-LENGTH DATA ELEMENTS--GENERAL INFORMATION
fixed length control field 210830b |||||||| |||| 00| 0 eng d
020 ## - INTERNATIONAL STANDARD BOOK NUMBER
International Standard Book Number 978-81-203-0508-3
040 ## - CATALOGING SOURCE
Transcribing agency HU
082 ## - DEWEY DECIMAL CLASSIFICATION NUMBER
Classification number 519.54
100 ## - MAIN ENTRY--PERSONAL NAME
Personal name KISHOR SHRINHARBHAI TRIVEDI
9 (RLIN) 658
245 ## - TITLE STATEMENT
Title PROBABILITY AND STATISTICS WITH RELIABILITY, Queuing, and Computer Sciecce Applications
260 ## - PUBLICATION, DISTRIBUTION, ETC.
Place of publication, distribution, etc. New Delhi
Name of publisher, distributor, etc. PHI Learning
Date of publication, distribution, etc. 1982
300 ## - PHYSICAL DESCRIPTION
Extent 624
942 ## - ADDED ENTRY ELEMENTS (KOHA)
Source of classification or shelving scheme Dewey Decimal Classification
Koha item type Books like text book referance book
Suppress in OPAC No
Holdings
Withdrawn status Lost status Source of classification or shelving scheme Damaged status Not for loan Home library Current library Shelving location Date acquired Total Checkouts Full call number Barcode Date last seen Copy number Price effective from Koha item type
    Dewey Decimal Classification     Natural & Computational Science Library Natural & Computational Science Library General Stacks 08/30/2021   519.54/SHR NSCLIB00003142 08/30/2021 1 08/30/2021 Books like text book referance book